Микроэкономика: учебное пособие

Bibliographische Detailangaben
1. Verfasser: Косов Н. С.
Weitere Verfasser: Терехова Г. И. (редактор), Саталкина Н. И.
Zusammenfassung:Учебное пособие содержит теоретические основы микроэкономики и предназначено для подготовки бакалавров по направлению «Экономика», а также для самого широкого круга читателей, интересующихся современной экономикой. Оно знакомит читателей с миром новых для них понятий и категорий, с принципами эффективной организации хозяйственной деятельности, с отношениями между людьми и механизмом координации их усилий в процессе производства товаров и услуг, направленных на удовлетворение общественных потребностей.
Sprache:Russisch
Veröffentlicht: Москва, Инфра-М, 2016
Schriftenreihe:Высшее образование - Бакалавриат
Schlagworte:
Format: MixedMaterials Buch
KOHA link:https://koha.lib.tpu.ru/cgi-bin/koha/opac-detail.pl?biblionumber=318024

MARC

LEADER 00000nam0a2200000 4500
001 318024
005 20231102003032.0
010 |a 9785160061801 
035 |a (RuTPU)RU\TPU\book\343505 
090 |a 318024 
100 |a 20160419d2016 m y0rusy50 ca 
101 0 |a rus 
102 |a RU 
105 |a a j 001zy 
200 1 |a Микроэкономика  |e учебное пособие  |f Н. С. Косов, Г. И. Терехова, Н. И. Саталкина 
210 |a Москва  |c Инфра-М  |d 2016 
215 |a 247 с.  |c ил. 
225 1 |a Высшее образование - Бакалавриат 
320 |a Библиогр.: с. 240 
330 |a Учебное пособие содержит теоретические основы микроэкономики и предназначено для подготовки бакалавров по направлению «Экономика», а также для самого широкого круга читателей, интересующихся современной экономикой. Оно знакомит читателей с миром новых для них понятий и категорий, с принципами эффективной организации хозяйственной деятельности, с отношениями между людьми и механизмом координации их усилий в процессе производства товаров и услуг, направленных на удовлетворение общественных потребностей. 
606 1 |a Микроэкономика  |2 stltpush  |3 (RuTPU)RU\TPU\subj\36419  |9 57809 
610 1 |a экономика 
610 1 |a история 
610 1 |a экономическое развитие 
610 1 |a экономические системы 
610 1 |a товарное производство 
610 1 |a деньги 
610 1 |a рыночное хозяйство 
610 1 |a товары 
610 1 |a экономический кругооборот 
610 1 |a спрос 
610 1 |a предложения 
610 1 |a потребительское поведение 
610 1 |a потребители 
610 1 |a предпринимательство 
610 1 |a организационно-правовые формы 
610 1 |a предприятия 
610 1 |a издержки 
610 1 |a прибыль 
610 1 |a конкуренция 
610 1 |a несовершенная конкуренция 
610 1 |a производственные ресурсы 
610 1 |a внешние эффекты 
610 1 |a общественные блага 
610 1 |a неопределенность 
610 1 |a экономические риски 
610 1 |a страхование 
610 1 |a учебные пособия 
686 |a У012.1я73  |v LBC/SL-A  |2 rubbk 
700 1 |a Косов  |b Н. С. 
701 1 |a Терехова  |b Г. И. 
701 1 |a Саталкина  |b Н. И. 
702 1 |a Косов  |b Н. С.  |4 340 
801 1 |a RU  |b 63413507  |c 20160419 
801 2 |a RU  |b 63413507  |c 20160602  |g RCR 
900 |a Микроэкономика 
942 |c BK 
951 |l 8.1 
959 |a 29/20160310  |d 1  |e 494,90  |f ЧЗГЛ:1